| Tag |
First Indicator |
Second Indicator |
Subfields |
| LEADER |
00000cam a2200000 a 4500 |
| 001 |
in00000427021 |
| 005 |
20151012062848.0 |
| 008 |
860605s1985 it ab b i00010 eng d |
| 020 |
|
|
|a 9251022984
|
| 035 |
|
|
|a (OCoLC)13687575
|
| 035 |
|
|
|9 ABV8639AM
|
| 040 |
|
|
|a SBM
|c SBM
|d TXA
|d UtOrBLW
|
| 049 |
|
|
|a TXAM
|c [A09804945]
|
| 090 |
|
|
|a SH1
|b .F2 no. 266
|
| 100 |
1 |
|
|a Chikuni, S.
|
| 245 |
1 |
4 |
|a The fish resources of the northwest Pacific /
|c by S. Chikuni.
|
| 264 |
|
1 |
|a Rome :
|b Food and Agricultural Organization of the United Nations,
|c 1985.
|
| 300 |
|
|
|a xiii, 190 pages :
|b illustrations, maps ;
|c 30 cm.
|
| 336 |
|
|
|a text
|b txt
|2 rdacontent
|
| 337 |
|
|
|a unmediated
|b n
|2 rdamedia
|
| 338 |
|
|
|a volume
|b nc
|2 rdacarrier
|
| 490 |
1 |
|
|a FAO fisheries technical paper ;
|v 266
|
| 500 |
|
|
|a Errata sheet inserted.
|
| 504 |
|
|
|a Bibliography: pages 136-157.
|
| 650 |
|
0 |
|a Fishery resources
|z Pacific Ocean.
|
| 650 |
|
0 |
|a Fisheries
|z Pacific Ocean.
|
| 830 |
|
0 |
|a FAO fisheries technical paper ;
|v no. 266.
|
| 999 |
|
|
|a MARS
|
| 999 |
f |
f |
|s 33d72d27-0a18-3453-8eac-11bb787ab74f
|i f6d0595c-d592-377f-bc83-13a1915c16e2
|t 0
|
| 952 |
f |
f |
|p ric
|a Texas A&M University
|b Rellis Campus
|c Joint Library Facility
|d Remote Storage
|t 0
|e SH1 .F2 no. 266
|h Library of Congress classification
|i unmediated -- volume
|m A14809804945
|
| 998 |
f |
f |
|a SH1 .F2 no. 266
|t 0
|l Remote Storage
|